Rubberwood processing- Current status and possibilities for improvement (Record no. 48099)

MARC details
000 -LEADER
fixed length control field 01033nam a2200133Ia 4500
100 ## - MAIN ENTRY--AUTHOR NAME
Personal name Brion H P
245 #0 - TITLE STATEMENT
Title Rubberwood processing- Current status and possibilities for improvement
260 ## - PUBLICATION, DISTRIBUTION, ETC. (IMPRINT)
Name of publisher In: Proceedings of the International Forum on Investment Opportunities in the Rubber Wood Industry, 20-22 September 1993, Kuala Lumpur, Malaysia, pp.43-54.
Year of publication 1993
520 ## - SUMMARY, ETC.
Summary, etc The current status of the rubberwood processing industries in South and Southeast Asian tropical rubber growing countries is described. Wherever possible, the range of development of major aspects of the industries is described in some detail and areas for possible future improvement are identified. The needs of the industries, together with suggested solutions, are enumerated. Furthermore, sources for technical, administrative and/or financial assistance for the Rubberwood industries' development are also identified.
650 ## - SUBJECT ADDED ENTRY--TOPICAL TERM
Topical Term Rubberwood industry
650 ## - SUBJECT ADDED ENTRY--TOPICAL TERM
Topical Term Rubberwood processing
942 ## - ADDED ENTRY ELEMENTS (KOHA)
Koha item type Bibliography RLWO
Holdings
Withdrawn status Lost status Damaged status Not for loan Home library Current library Date acquired Koha item type
      Bibliography RRII Library RRII Library 31/12/2021 Bibliography RLWO